| 000 | 00369nam a2200145Ia 4500 | ||
|---|---|---|---|
| 008 | 240624s9999 xx 000 0 und d | ||
| 041 | _aeng | ||
| 082 | _a808.066 RIO | ||
| 100 | _aRIORDAN DANIEL G | ||
| 245 | _aTECHNICAL REPORT WRITING TODAY | ||
| 250 | _a(8th ed.) | ||
| 260 |
_c2008 _aNew Delhi _bWiley India |
||
| 300 | _a598 : p. : cm. ; 24 | ||
| 365 |
_cRS _b33.33 |
||
| 999 |
_c11260 _d11260 |
||